|
|
|
|
| LEADER |
00000cam a2200000 a 4500 |
| 001 |
vtls009299895 |
| 003 |
SK-MaSNL |
| 005 |
20260331204700.0 |
| 007 |
ad canzn |
| 008 |
180216s2008 xo z cr e 001 0 cze |
| 015 |
|
|
|a SNBC2008/04-01444
|
| 020 |
|
|
|a 9788080671914
|q (viaz.)
|
| 034 |
3 |
|
|a a
|
| 035 |
|
|
|a 4B38CE76-ABF5-4D95-996B-0B3BD27D2370
|
| 035 |
|
|
|a urn:nbn:sk:snk-amygdh
|
| 035 |
|
|
|a urn:nbn:sk:snk-am00ckk6
|
| 040 |
|
|
|a SNK
|b slo
|c SNK
|e AACR2
|
| 041 |
1 |
|
|a cze
|h und
|
| 043 |
|
|
|a xa-----
|a xd-----
|
| 044 |
|
|
|a xo
|c SK
|
| 072 |
|
7 |
|a 913
|x Regionálna geografia
|2 konspekt
|
| 072 |
|
7 |
|a 37.016
|x Učebné osnovy. Vyučovacie predmety. Učebnice
|2 konspekt
|
| 080 |
|
|
|a 913(100)
|2 2001
|
| 080 |
|
|
|a 91
|2 2001
|
| 080 |
|
|
|a (084.41)
|2 2001
|
| 080 |
|
|
|a (075.2)
|2 2001
|
| 080 |
|
|
|a (075.3)
|2 2001
|
| 100 |
1 |
|
|a Čeman, Róbert
|4 red
|4 bkd
|4 ctg
|4 pht
|4 aut
|9 43254
|
| 245 |
1 |
0 |
|a Školní atlas světa
|h kartografický dokument
|c [autorsky, redakčně a graficky zpracoval: Róbert Čeman ; mapy: Róbert Čeman ; překlad: Mojmír Kohut ; spolupracovali: Milina Magulová ... [et al.]]
|
| 250 |
|
|
|a 1. vyd.
|
| 255 |
|
|
|a Mierky rôzne
|
| 260 |
|
|
|a Bratislava
|b Mapa Slovakia Plus
|c 2008
|
| 300 |
|
|
|a 1 atlas (256 s.)
|b (183) s. fareb. mp., fotogr.
|c 30 cm
|
| 504 |
|
|
|a Obsahuje register
|
| 650 |
0 |
7 |
|a regionálna geografia sveta
|2 SNKPH
|9 93318
|
| 650 |
0 |
7 |
|a geografia
|2 SNKPH
|9 823
|
| 655 |
|
7 |
|a školské atlasy
|2 SNKPH
|9 73240
|
| 655 |
|
7 |
|a geografické atlasy
|2 SNKPH
|9 73239
|
| 655 |
|
7 |
|a učebnice základných škôl
|2 SNKPH
|9 70187
|
| 655 |
|
7 |
|a učebnice stredných škôl
|2 SNKPH
|9 69323
|
| 655 |
|
7 |
|a atlasy pre verejnosť
|2 SNKPH
|9 314641
|
| 700 |
1 |
|
|a Kohut, Mojmír
|4 trl
|9 437358
|
| 700 |
1 |
|
|a Magulová, Milina
|4 clb
|9 65105
|
| 700 |
1 |
|
|a Ondrejka, Kliment
|4 clb
|9 275643
|
| 700 |
1 |
|
|a Glosová, Dana
|4 clb
|9 289536
|
| 700 |
1 |
|
|a Lališová, Anna
|4 clb
|9 465786
|
| 700 |
1 |
|
|a Pavlík, Mário
|4 clb
|9 220806
|
| 919 |
|
|
|a 978-80-8067-191-4
|
| 958 |
|
|
|a OP
|
| 999 |
|
|
|c 828890
|d 830820
|
| 952 |
|
|
|a SNK
|b SNK
|y PREZ
|7 0
|p 17A0589781
|o snkSB 76242
|i snk2008/11718
|8 0
|0 0
|1 0
|4 0
|d 2008-06-03
|f 1
|l 0
|r 2025-04-30 00:00:00
|w 2026-02-24
|
| 952 |
|
|
|a SNK
|b SNK
|y VYP
|7 0
|p 17A0589780
|o snkSB 76242 D1
|i snk2008/11719
|8 0
|0 0
|1 0
|4 0
|d 2008-06-03
|l 0
|r 2016-06-30 00:00:00
|w 2026-02-24
|